| 000 | 00567nam a2200193Ia 4500 | ||
|---|---|---|---|
| 005 | 20250109040223.0 | ||
| 008 | 240331s9999 xx 000 0 und d | ||
| 020 | _a8185952906 | ||
| 082 |
_bKUM _25455 _a305.3 |
||
| 245 | 0 |
_aFrom Markets to Myths: _bEssays on Gender |
|
| 260 |
_aShimla _bDeputy Secretary, Indian Institute of Advanced Study _c1999 |
||
| 260 |
_aDelhi _bManohar Publishers and Distributors _c1999 |
||
| 300 | _axxx, 395 p., (C II) | ||
| 650 | _aGender | ||
| 650 | _aWomen | ||
| 700 |
_aSangari, K _eedt |
||
| 700 |
_aChakravarti, U _eedt |
||
| 942 | _cL | ||
| 999 |
_c1568 _d1568 |
||